[Event "TCh-NED Meesterklasse 2012-13"]
[Site "Netherland NED"]
[Date "2012.10.06"]
[Round "2.3"]
[White "Fridman,D"]
[Black "Sprenger,J"]
[Result "1/2-1/2"]
[WhiteElo "2657"]
[BlackElo "2498"]

1.Nf3 d5 2.c4 dxc4 3.Qa4+ Nc6 4.e3 e6 5.Qxc4 Nf6 6.b3 Bd6 7.Bb2 e5 8.d3 O-O
9.Nbd2 Be6 10.Qc2 Re8 11.Be2 Bd5 12.O-O Nb4 13.Qb1 c5 14.e4 Bc6 15.a3 Na6
16.Nc4 Qb8 17.b4 b5 18.Nxd6 Qxd6 19.Bc3 Nd7 20.Qb2 cxb4 21.axb4 Nc7 22.Rfd1 Qe7
23.Rac1 Na6 24.Qa1 Nab8 25.Qa2 a6 26.Rc2 Bb7 27.Qb2 Nc6 28.d4 exd4 29.Nxd4 Nxd4
30.Bxd4 Bxe4 31.Rc3 Nf6 32.Ra3 Qe6 33.h4 Rac8 34.Rd2 Bg6 35.Bxf6 Qxf6 36.Qxf6 gxf6
37.Rxa6 Re4 38.h5 Rc1+ 39.Kh2 Bxh5 40.Bxh5 Rh4+ 41.Kg3 Rxh5 42.Rxf6 Rg5+
43.Kh2 Rh5+ 44.Kg3 Rg5+  1/2-1/2

[Event "TCh-Belgrade Premier 2012"]
[Site "Belgrade SRB"]
[Date "2012.10.08"]
[Round "7.3"]
[White "Pantic,I"]
[Black "Djerfi,K"]
[Result "1/2-1/2"]
[WhiteElo "2221"]
[BlackElo "2353"]

1.Nf3 d5 2.c4 c6 3.e3 Nf6 4.Nc3 e6 5.b3 Bd6 6.Bb2 O-O 7.Qc2 Qe7 8.d4 Nbd7
9.Bd3 Re8 10.O-O e5 11.e4 exd4 12.Nxd4 dxe4 13.Nxe4 Ne5 14.Nxf6+ Qxf6 15.Bxh7+ Kh8
16.Rae1 Qh6 17.f4 Qxh7 18.Qxh7+ Kxh7 19.fxe5 Rxe5 20.Rxe5 Bxe5 21.Ba1 f6
22.h3 a5 23.a4 Bd7 24.Nf3 Bc7 25.Rd1 Rd8 26.Kf2 Bf5 27.Rxd8 Bxd8 28.Ke2 Kg8
29.Bc3 Kf7 30.Nd4 Be4 31.g4 Bc7 32.Nf5 c5 33.Bxa5 Bxf5 34.Bxc7 Bc2 35.Bb6 Bxb3
36.a5 Bxc4+ 37.Kf2  1/2-1/2

[Event "TATA 50th ch-IND National Premier 2012"]
[Site "Kolkata IND"]
[Date "2012.10.09"]
[Round "8.4"]
[White "Kunte,A"]
[Black "Anurag,M"]
[Result "1/2-1/2"]
[WhiteElo "2518"]
[BlackElo "2349"]

1.Nf3 d5 2.c4 c6 3.e3 Nf6 4.Nc3 g6 5.d4 Bg7 6.Be2 O-O 7.O-O dxc4 8.Bxc4 Bg4
9.Be2 Nbd7 10.Qb3 Qb6 11.Qc2 Rac8 12.Rd1 Bxf3 13.Bxf3 e5 14.h3 Rfe8 15.dxe5 Nxe5
16.Be2 Rcd8 17.Rxd8 Qxd8 18.b3 Qe7 19.Bb2 Rd8 20.Rd1 Rxd1+ 21.Qxd1 Ned7 22.Qd4 Qc5
23.Qd3 Nd5 24.Na4 Qb4 25.a3 Qe1+ 26.Bf1 Bxb2 27.Nxb2 Qc1 28.Nc4 Nc5 29.Qd4 Nc3
30.Qd8+ Kg7 31.Qd4+ Kg8 32.Qd8+ Kg7 33.g3 N5e4 34.Nd6 Nd2 35.Ne8+ Kf8 36.Nc7+ Kg7
37.Qd4+ Kg8  1/2-1/2

[Event "TCh-Belgrade Premier 2012"]
[Site "Belgrade SRB"]
[Date "2012.10.10"]
[Round "9.3"]
[White "Jovanovic,SM"]
[Black "Markovic,Mis"]
[Result "1-0"]
[WhiteElo "2285"]
[BlackElo "2188"]

1.Nf3 d5 2.c4 d4 3.d3 g6 4.g3 Bg7 5.Bg2 c5 6.b4 cxb4 7.a3 bxa3 8.Bxa3 e5
9.Nbd2 Ne7 10.O-O O-O 11.Qb3 Nbc6 12.Rab1 f5 13.c5+ Kh8 14.Ng5 Bh6 15.Ndf3 Nd5
16.h4 Nc3 17.Nf7+ Rxf7 18.Qxf7 Nxb1 19.Rxb1 Qg8 20.Rxb7 Bxb7 21.Qxb7 Qc8
22.Qf7 Qg8 23.Qf6+ Bg7 24.Qxc6 Rc8 25.Qa6  1-0

[Event "TATA 50th ch-IND National Premier 2012"]
[Site "Kolkata IND"]
[Date "2012.10.11"]
[Round "10.1"]
[White "Venkatesh,M"]
[Black "Vidit,S"]
[Result "1/2-1/2"]
[WhiteElo "2511"]
[BlackElo "2501"]

1.Nf3 d5 2.c4 d4 3.g3 c5 4.e3 Nc6 5.exd4 cxd4 6.d3 e5 7.Bg2 f6 8.Na3 Bg4
9.h3 Be6 10.O-O Qd7 11.Nd2 Nh6 12.Nc2 Nf7 13.Kh2 a5 14.Rb1 Be7 15.a3 a4 16.b4 axb3
17.Nxb3 O-O 18.Nb4 Nxb4 19.axb4 b6 20.Bxa8 Rxa8 21.h4 b5 22.Nd2 Nd6 23.Qf3  1/2-1/2

[Event "TCh-Belgrade Premier 2012"]
[Site "Belgrade SRB"]
[Date "2012.10.12"]
[Round "11.5"]
[White "Biocanin,Gora"]
[Black "Rodic,Dr"]
[Result "1/2-1/2"]
[WhiteElo "2293"]
[BlackElo "2071"]

1.Nf3 d5 2.c4 e6 3.g3 b6 4.Bg2 Bb7 5.cxd5 exd5 6.O-O Nf6 7.d4 Be7 8.Bf4 O-O
9.Qc2 c6 10.Ne5 Nfd7 11.Nd3 c5 12.Nc3 c4 13.Ne1 Nf6 14.b3 cxb3 15.Qxb3 Nc6
16.Nf3 Na5 17.Qb5 a6 18.Qd3 h5 19.Bg5 Ne4 20.Bxe7 Qxe7 21.Ne5 Nxc3 22.Qxc3 Nc4
23.Nxc4 dxc4 24.Bxb7 Qxb7 25.Rfb1  1/2-1/2

[Event "17th European Club Cup w"]
[Site "Eilat ISR"]
[Date "2012.10.12"]
[Round "2.3"]
[White "Javakhishvili,L"]
[Black "Shadrina,T"]
[Result "0-1"]
[WhiteElo "2444"]
[BlackElo "2361"]

1.Nf3 d5 2.c4 d4 3.b4 c5 4.e3 dxe3 5.fxe3 cxb4 6.Bb2 Nc6 7.d4 e5 8.d5 e4
9.Nfd2 Na5 10.a3 b3 11.Bd4 Nh6 12.Nxe4 Qh4+ 13.Nf2 Nf5 14.c5 Bd7 15.Be2 Rc8
16.d6 Nxd4 17.exd4 Bxd6 18.g3 Qd8 19.O-O Be7 20.Nc3 O-O 21.Nfe4 f5 22.Nd2 Be6
23.Nf3 Bf6 24.Nb5 b6 25.Nxa7 Ra8 26.cxb6 Qxb6 27.Nb5 Nc4 28.Qxb3 Nd2 29.Qb4 Nxf1
30.Rxf1 Rfc8 31.Bd3 g6 32.Re1 Bd5 33.Ne5 Bxe5 34.Rxe5 Rc1+ 35.Kf2 Bf7 36.Rc5 Rxc5
37.dxc5 Qe6 38.Kf1 Qe3 39.Be2 Re8 40.Nc3 Bd5 41.Qb5 Bf7 42.Qb4 Rc8 43.Na4 Qc1+
44.Kf2 Qh1 45.Qh4 Bd5 46.Bb5 Qf3+ 47.Ke1 Qe3+ 48.Kf1 f4 49.g4 Qc1+ 50.Qe1 Bc4+
51.Bxc4+ Qxc4+ 52.Qe2 Qd5 53.Kf2 Rd8 54.Qc2 Qe6 55.c6 Qe3+ 56.Kf1 Qf3+  0-1

[Event "BSF GM Cup 2012"]
[Site "Copenhagen DEN"]
[Date "2012.10.13"]
[Round "3.3"]
[White "Rusev,K"]
[Black "Hagen,Andr"]
[Result "1/2-1/2"]
[WhiteElo "2549"]
[BlackElo "2416"]

1.Nf3 d5 2.c4 e6 3.g3 dxc4 4.Qa4+ Nd7 5.Qxc4 a6 6.Qc2 b6 7.Bg2 Bb7 8.O-O Ngf6
9.d3 c5 10.Nbd2 Be7 11.b3 O-O 12.Bb2 Rc8 13.Rac1 b5 14.a3 Qb6 15.Qb1 Rfd8
16.Rc2 Qa7 17.Rfc1 Qa8 18.Qa1 Qa7 19.Re1 Bf8 20.Bh3 Qb6 21.Rec1 Be7 22.Bc3 Bf8
23.Bb2  1/2-1/2

[Event "TATA 50th ch-IND National Premier 2012"]
[Site "Kolkata IND"]
[Date "2012.10.13"]
[Round "12.1"]
[White "Vidit,S"]
[Black "Sengupta,D"]
[Result "1/2-1/2"]
[WhiteElo "2501"]
[BlackElo "2539"]

1.Nf3 d5 2.c4 d4 3.b4 f6 4.e3 e5 5.c5 Nc6 6.b5 Nb4 7.Ba3 Bxc5 8.Bc4 Qd6 9.exd4 exd4
10.O-O Ne7 11.d3 Nbd5 12.Bxc5 Qxc5 13.Nbd2 Bg4 14.Ne4 Qb6 15.a4 f5 16.Neg5 h6
17.Bxd5 hxg5 18.Re1 O-O-O 19.Rxe7 Rxd5 20.Rc1 Rc5 21.Rxc5 Qxc5 22.Qe1 Qd6
23.Re8+ Rxe8 24.Qxe8+ Qd8 25.Qe6+ Qd7 26.Qg8+ Qd8 27.Qe6+ Qd7 28.Qg8+ Qd8
29.Qxg7 Bxf3 30.gxf3 f4 31.Qe5 a6 32.Qe6+ Qd7 33.Qg8+ Qd8 34.Qe6+ Qd7 35.Qg8+ Qd8
36.Qe6+  1/2-1/2

[Event "TATA 50th ch-IND National Premier 2012"]
[Site "Kolkata IND"]
[Date "2012.10.13"]
[Round "12.10"]
[White "Sagar,S"]
[Black "Anurag,M"]
[Result "0-1"]
[WhiteElo "2352"]
[BlackElo "2349"]

1.Nf3 d5 2.c4 c6 3.e3 Nf6 4.Nc3 g6 5.d4 Bg7 6.Be2 O-O 7.O-O e6 8.b4 a6 9.a4 Nbd7
10.Qb3 Re8 11.Bb2 b6 12.b5 Bb7 13.cxd5 Nxd5 14.bxc6 Bxc6 15.Rfc1 Qb8 16.Ne4 Rc8
17.Ned2 Bb7 18.Nc4 N5f6 19.Ba3 Bd5 20.Qb2 Ne4 21.Nfe5 Nxe5 22.Nxe5 Bxe5 23.dxe5 Qb7
24.Qd4 Nc5 25.Rab1 Nb3 26.Rxc8+ Rxc8 27.Qb4 a5 28.Qd6 Qc7 29.Bd1 Qxd6 30.exd6 Nd2
31.Rc1 Nc4 32.d7 Rd8 33.Be2 Rxd7 34.Bxc4 Bxc4 35.h4 Bb3 36.Rc6 Rb7 37.Bb2 Rb8
38.Be5 Bxa4 39.Bxb8 Bxc6 40.Bc7 Kf8 41.Bxb6 a4 42.Kf1 Ke7 43.Bc5+ Kd7 44.Ba3 Bb7
45.f3 Kc6 46.Ke1 Kd5 47.Kd2 Ba6 48.Bb2 Bf1 49.g4 e5 50.g5 Bg2 51.f4 exf4
52.exf4 Ke4 53.Be5 Kf5 54.Kc3 Bd5 55.Kb4 Bb3 56.Ka3 Kg4 57.Kb4 Kxh4 58.Ka3 Kg4
59.Kb2 Kf5 60.Kc1 f6 61.Bxf6 h5 62.Kd2 Kxf4 63.Ke2 a3 64.Kf2 a2  0-1

[Event "7th Americas Continental 2012"]
[Site "Mar del Plata ARG"]
[Date "2012.10.15"]
[Round "5.85"]
[White "Elias,Roberto"]
[Black "Do Prado,Hamilton Mesquita"]
[Result "1-0"]
[WhiteElo "1885"]
[BlackElo "1669"]

1.Nf3 d5 2.c4 c6 3.Qc2 e6 4.g3 Nf6 5.Bg2 Nbd7 6.O-O Bd6 7.d3 O-O 8.Nc3 Qc7
9.b3 a6 10.Bb2 b5 11.Rac1 b4 12.Nd1 Bb7 13.Ne3 Rfc8 14.cxd5 cxd5 15.Qxc7 Rxc7
16.Rxc7 Bxc7 17.Rc1 Bd6 18.Nd4 Rc8 19.Rxc8+ Bxc8 20.Nc6 Bb7 21.Na5 Ba8 22.Nac4 Bc7
23.Nc2 a5 24.Nd4 dxc4 25.Bxa8 c3 26.Bc1 Nd5 27.Nb5 Bb8  1-0

[Event "7th Americas Continental 2012"]
[Site "Mar del Plata ARG"]
[Date "2012.10.15"]
[Round "5.66"]
[White "Tobares,L"]
[Black "De Freitas,Ju"]
[Result "1-0"]
[WhiteElo "2261"]
[BlackElo "1882"]

1.Nf3 d5 2.c4 c6 3.g3 Nf6 4.b3 Bg4 5.Bg2 e6 6.Bb2 Nbd7 7.O-O Be7 8.d3 O-O
9.Nbd2 a5 10.a3 h6 11.Qc2 Qb8 12.Rfe1 e5 13.h3 Be6 14.e3 Bd6 15.Rab1 b5 16.e4 d4
17.Nh4 c5 18.Bc1 b4 19.a4 Kh7 20.Ndf3 Ng8 21.Qe2 g6 22.g4 Qd8 23.Kh1 Ra6  1-0

[Event "7th Americas Continental 2012"]
[Site "Mar del Plata ARG"]
[Date "2012.10.16"]
[Round "6.5"]
[White "Bacallao Alonso,Y"]
[Black "Diaz Hollemaert,N"]
[Result "1-0"]
[WhiteElo "2580"]
[BlackElo "2408"]

1.Nf3 d5 2.c4 c6 3.e3 g6 4.d4 Bg7 5.Nc3 Nf6 6.Qb3 O-O 7.Bd2 dxc4 8.Bxc4 b5
9.Bd3 Nbd7 10.a4 e5 11.Be2 exd4 12.exd4 c5 13.axb5 Re8 14.O-O cxd4 15.Nxd4 Nc5
16.Qc4 Nfe4 17.Be3 Bxd4 18.Rad1 Nxc3 19.bxc3 Rxe3 20.Rxd4 Qe7 21.fxe3 Qxe3+
22.Kh1 Be6 23.Qxc5 Qxe2 24.Rfd1 Rc8 25.Rd8+ Rxd8 26.Rxd8+ Kg7 27.Qd4+ f6
28.Qxa7+ Kh6 29.Re8 g5 30.Qg1 Qc4 31.b6 Bd5 32.Rd8 Bb7 33.Rd6 Qxc3 34.Qf1 Kh5
35.Rxf6 Qd2  1-0

[Event "7th Americas Continental 2012"]
[Site "Mar del Plata ARG"]
[Date "2012.10.16"]
[Round "6.10"]
[White "Fulgenzi,E"]
[Black "Mekhitarian,K"]
[Result "0-1"]
[WhiteElo "2344"]
[BlackElo "2503"]

1.Nf3 d5 2.c4 e6 3.b3 Nf6 4.Bb2 Be7 5.e3 O-O 6.d4 c5 7.Bd3 Nc6 8.O-O cxd4
9.exd4 Nb4 10.Be2 b6 11.Nbd2 Bb7 12.a3 Nc6 13.Rc1 a5 14.Ne5 Nxe5 15.dxe5 Nd7
16.Bf3 Nc5 17.cxd5 Bxd5 18.Nc4 Bxf3 19.Qxf3 Qd3 20.Rc3 Qxf3 21.Rxf3 b5 22.Nd6 Bxd6
23.exd6 Ne4 24.Rd3 Rfd8 25.Rfd1 Ra6 26.d7 f6 27.f3 Nc5 28.Rc3 Rxd7 29.Rxd7 Nxd7
30.Rc7 Rd6 31.Kf1 a4 32.bxa4 bxa4 33.Ke2 Nb6 34.Ra7 Rd5 35.Bc3 Rb5 36.Bb4 Rg5
37.g4 h5 38.h3 Kh7 39.Ra6 Rb5 40.Ra7 Nd5 41.Bd2 hxg4 42.hxg4 Rb2 43.Kd1 Rb3
44.Rxa4 Rxf3 45.Ra6 e5 46.g5 Kg6 47.gxf6 gxf6 48.a4 Kf5 49.a5 Ke4 50.Kc2 Ra3
51.Kb2 Rd3 52.Kc1 f5 53.Rh6 Ne3 54.a6 f4 55.Bb4 Rd7 56.Kb2 f3 57.Rf6 Nd5  0-1

[Event "NIT Nagpur GM Open 2012"]
[Site "Nagpur IND"]
[Date "2012.10.16"]
[Round "1.6"]
[White "Krishna Teja,N"]
[Black "Deepan,C"]
[Result "0-1"]
[WhiteElo "2053"]
[BlackElo "2523"]

1.Nf3 d5 2.c4 e6 3.d4 Nf6 4.Bg5 h6 5.Bf4 c5 6.Nbd2 Nc6 7.dxc5 Bxc5 8.e3 O-O
9.Be2 Nh5 10.Be5 Nxe5 11.Nxe5 Nf6 12.O-O Bd6 13.Nef3 b6 14.cxd5 Nxd5 15.Bb5 Bb7
16.Rc1 Rc8 17.Qe2 Bb8 18.Ba6 Rxc1 19.Rxc1 Ba8 20.Rc8 Qe7 21.Rxf8+ Qxf8 22.a3 Qc5
23.Nb3 Qc7 24.Qc4 Qxc4 25.Bxc4 Kf8 26.Kf1 Ke7 27.Ke2 g5 28.h3 f5 29.Nbd4 Kf6
30.Ba2 Bb7 31.Bc4 a6 32.g3 Bd6 33.Nd2 b5 34.Bb3 Bc5 35.Kd3 Nc7 36.e4 h5 37.exf5 exf5
38.f4 gxf4 39.gxf4 Nd5 40.Bxd5 Bxd5 41.h4 Bb6 42.b4 Ba7 43.Ke3 Bb6 44.Kd3 Kg6
45.Ke3 Kg7 46.Kd3 Kf6 47.Ke3 Kg6 48.Kd3 Bd8 49.N2f3 Be4+ 50.Ke3 Bf6 51.Ne5+ Kh7
52.Nef3 Bxf3 53.Nxf3 Bb2 54.Ne5 Bc1+ 55.Kf3 Kg7 56.Nd3 Bxa3 57.Ke3 Kf6 58.Kd4 Ke6
59.Nc5+ Kd6 60.Nd3 Ke6 61.Nc5+ Ke7 62.Ke5 a5 63.Kxf5 Bxb4 64.Nb3 Bc3 65.Ke4 a4
66.Nc1 Bd2 67.Nd3 a3 68.Nc5 a2 69.Nb3 Be1 70.Kf5 Bxh4 71.Kg6 Bf6 72.Kxh5 a1=Q  0-1

[Event "NIT Nagpur GM Open 2012"]
[Site "Nagpur IND"]
[Date "2012.10.16"]
[Round "1.9"]
[White "Rahman,Zia"]
[Black "Pradip,T"]
[Result "1-0"]
[WhiteElo "2502"]
[BlackElo "2028"]

1.Nf3 d5 2.c4 e6 3.g3 Nf6 4.Bg2 Be7 5.O-O O-O 6.b3 b6 7.Bb2 Bb7 8.e3 Nbd7
9.Nc3 c5 10.Qe2 Ne4 11.cxd5 exd5 12.d4 Rc8 13.Rfd1 c4 14.bxc4 Nxc3 15.Bxc3 Rxc4
16.Bd2 Qc8 17.Bh3 f5 18.Qd3 g6 19.Bg2 Ba6 20.Qb3 Nf6 21.Ne5 Kg7 22.Nxc4 Bxc4
23.Qb2 b5 24.a4 a6 25.axb5 axb5 26.Ra7 Rf7 27.Rda1 Ne4 28.Bb4 Bxb4 29.Rxf7+ Kxf7
30.Qxb4 Qb8 31.Bxe4 fxe4 32.Qc5 Qd8 33.Ra7+ Kf6 34.Qc6+ Kg5 35.h4+ Kg4 36.Rf7  1-0

[Event "7th Americas Continental 2012"]
[Site "Mar del Plata ARG"]
[Date "2012.10.17"]
[Round "8.31"]
[White "Paniagua Chnelik,S"]
[Black "Zuluaga,C"]
[Result "0-1"]
[WhiteElo "2204"]
[BlackElo "2394"]

1.Nf3 d5 2.c4 c6 3.b3 Bg4 4.Ne5 Bf5 5.g4 Be4 6.Nf3 Nf6 7.Bg2 Nxg4 8.d3 Bg6
9.h3 Nf6 10.Bb2 e6 11.Nbd2 Nbd7 12.Qc2 Bc5 13.e3 h6 14.a3 a5 15.Qc3 Qe7 16.Bf1 O-O
17.d4 Bb6 18.b4 Ne4 19.Nxe4 Bxe4 20.Bg2 axb4 21.axb4 Rxa1+ 22.Bxa1 Qf6 23.Ke2 Ra8
24.Bb2 Qg6 25.Nh4 Qg5 26.f3 Bh7 27.c5 Bc7  0-1

[Event "Copenhagen Cup IMA 2012"]
[Site "Copenhagen DEN"]
[Date "2012.10.18"]
[Round "2.2"]
[White "Teplyi,I"]
[Black "Palm,N"]
[Result "1/2-1/2"]
[WhiteElo "2386"]
[BlackElo "2307"]

1.Nf3 d5 2.c4 e6 3.g3 Nf6 4.Bg2 Be7 5.O-O O-O 6.Qc2 c5 7.cxd5 Nxd5 8.Nc3 Nc6
9.d3 b6 10.Rd1 Bb7 11.Nxd5 Qxd5 12.Be3 Bf6 13.a3 Rac8 14.Rab1 Qd7 15.Qa4 Rfd8
16.Rdc1 Ne7 17.Qxd7 Rxd7 18.b4 cxb4 19.Rxc8+ Bxc8  1/2-1/2

[Event "16th Unive Open"]
[Site "Hoogeveen NED"]
[Date "2012.10.20"]
[Round "2"]
[White "Clemens,A"]
[Black "Gieben,Stijn"]
[Result "1-0"]
[WhiteElo "2213"]
[BlackElo "2068"]

1.Nf3 d5 2.c4 Nf6 3.cxd5 Nxd5 4.d4 e6 5.e4 Nf6 6.Nc3 Be7 7.Bd3 a6 8.O-O b5
9.Qe2 Bb7 10.Bg5 Nbd7 11.Rfd1 h6 12.Bf4 O-O 13.Rac1 Re8 14.Bb1 c6 15.e5 Nd5
16.Nxd5 cxd5 17.h3 Nf8 18.Nh2 g5 19.Be3 Kg7 20.f4 Ng6 21.Bxg6 fxg6 22.fxg5 hxg5
23.Rf1 Rc8 24.Qg4 Qa5 25.Qxe6 Qxa2 26.Qf7+ Kh8 27.Rxc8  1-0

[Event "Danilo Batricevic Mem Balkan GP"]
[Site "Cetinje MNE"]
[Date "2012.10.21"]
[Round "2.7"]
[White "Bogosavljevic,B"]
[Black "Sorgic,D"]
[Result "1-0"]
[WhiteElo "2497"]
[BlackElo "2257"]

1.Nf3 d5 2.c4 e6 3.g3 Nf6 4.Bg2 Be7 5.O-O O-O 6.d4 dxc4 7.Qc2 a6 8.a4 Bd7
9.Qxc4 Bc6 10.Nc3 a5 11.Rd1 Na6 12.Bg5 Nb4 13.Rac1 h6 14.Bxf6 Bxf6 15.e4 b6
16.e5 Be7 17.Ne1 Bxg2 18.Nxg2 c6 19.h4 Qd7 20.Ne4 Rac8 21.Qe2 Nd5 22.b3 Rfd8
23.Qg4 f5 24.exf6 Nxf6 25.Qe2 Nxe4 26.Qxe4 Qd5 27.Qe2 Ba3 28.Nf4 Qd6 29.Rb1 Re8
30.Rd3 Qd7 31.Re3 Qxd4 32.Rd1 Qf6 33.Rd7 Rcd8 34.Rxe6 Rxe6 35.Qxe6+  1-0

[Event "16th Unive Open"]
[Site "Hoogeveen NED"]
[Date "2012.10.21"]
[Round "3"]
[White "Okkes,M"]
[Black "Guramishvili,S"]
[Result "1/2-1/2"]
[WhiteElo "2368"]
[BlackElo "2418"]

1.Nf3 d5 2.c4 e6 3.e3 Nf6 4.Nc3 Be7 5.b3 O-O 6.Bb2 b6 7.cxd5 exd5 8.Be2 c5
9.d4 Bb7 10.O-O Nbd7 11.Rc1 Rc8 12.dxc5 Nxc5 13.Nb5 a6 14.Nbd4 Re8 15.Nf5 Bf8
16.Ng3 b5 17.Nd4 Nfe4 18.Ndf5 Nxg3 19.Nxg3 b4 20.Qd4 Rc7 21.Rfd1  1/2-1/2

[Event "7th Americas Continental 2012"]
[Site "Mar del Plata ARG"]
[Date "2012.10.21"]
[Round "11.14"]
[White "Leiva,G"]
[Black "Slipak,S"]
[Result "1/2-1/2"]
[WhiteElo "2321"]
[BlackElo "2447"]

1.Nf3 d5 2.c4 dxc4 3.Na3 g6 4.Nxc4 Bg7 5.d4 Nf6 6.g3 O-O 7.Bg2 Be6 8.Nce5 Bd5
9.O-O Nc6 10.Nxc6 Bxc6 11.e3 a5 12.Qe2 a4 13.Bd2 Bd5 14.Bb4 c6 15.Rfd1 Re8
16.Nh4 Bxg2 17.Nxg2 Nd5 18.Be1 Qb6 19.Qc4 Qa6 20.Rac1 e6 21.Nh4 Qxc4 22.Rxc4 e5
23.Nf3 e4 24.Nd2 Bh6 25.Nb1 f5 26.Bd2 Bf8 27.Rc2 Kf7 28.a3 g5 29.Nc3 Nf6
30.Rf1 Kg6 31.f3 exf3 32.Rxf3 Bh6 33.Rf1 g4 34.e4 Nxe4 35.Bxh6 Kxh6 36.Rxf5 Ng5
37.Ne2 Rad8 38.Kg2 Nf3 39.Kf2 Rf8 40.Rcc5 Rxf5 41.Rxf5 Nxd4 42.Rf4 Nxe2 43.Kxe2 Kg5
44.Rxa4 b5 45.Re4 Rd5 46.b3 h5 47.a4 bxa4 48.bxa4 Ra5 49.Rc4 h4 50.Ke3 Re5+
51.Kd4 Rd5+ 52.Kc3 hxg3 53.hxg3 Kf5 54.Rxc6 Ke4 55.Kc2 Kf3 56.Rc3+ Kf2 57.Ra3 Rd6
58.Rc3 Rb6 59.a5 Ra6 60.Ra3 Rc6+ 61.Kd3 Kxg3 62.a6 Rc8 63.a7 Ra8 64.Ke3 Kh4
65.Ra5 g3 66.Kf3 Rf8+ 67.Kg2 Ra8  1/2-1/2

[Event "38th Guernsey Open"]
[Site "Guernsey GCI"]
[Date "2012.10.22"]
[Round "2"]
[White "Glover,J"]
[Black "Von Saldern,R"]
[Result "1-0"]
[WhiteElo "1832"]
[BlackElo "1999"]

1.Nf3 d5 2.c4 c6 3.g3 Nf6 4.Bg2 Bf5 5.O-O e6 6.b3 Be7 7.Bb2 O-O 8.d4 Nbd7
9.Nbd2 Rc8 10.h3 h6 11.Rc1 Bh7 12.Ne1 Ne8 13.Ndf3 f5 14.Nd3 Nef6 15.Nf4 Kf7
16.Ne5+ Nxe5 17.dxe5 Ne4 18.e3 g6 19.Kh2 Qa5 20.Bxe4 dxe4 21.Qd7 Rfd8 22.Qxe6+ Kf8
23.Nxg6+ Bxg6 24.Qxg6  1-0

[Event "13th Liberec Open 2012"]
[Site "Liberec CZE"]
[Date "2012.10.22"]
[Round "3"]
[White "Haase,Pavel"]
[Black "Gurtovoi,Borys"]
[Result "1/2-1/2"]
[WhiteElo "1606"]
[BlackElo "1936"]

1.Nf3 d5 2.c4 c6 3.d4 Nf6 4.Nc3 dxc4 5.e3 Bf5 6.Bxc4 e6 7.O-O Bd6 8.Re1 Ne4
9.Bd3 Nxc3 10.bxc3 Bxd3 11.Qxd3 Nd7 12.e4 Qc7 13.e5 Be7 14.Bf4 h6 15.c4 g5
16.Bg3 h5 17.h4 gxh4 18.Bxh4 Bxh4 19.Nxh4 O-O-O 20.Qa3 Kb8 21.Qe7 Nb6 22.Qxc7+ Kxc7
23.c5 Nc4 24.Nf3 Rhg8 25.Rac1 Na3 26.Re3 Nb5 27.Rd3 Rg4 28.Kf1 Rd5 29.Rcd1 Kc8
30.a4 Nc7 31.Nh2 Rf4 32.g3 Rf5 33.f3 Rd8 34.g4 hxg4 35.Nxg4 Nd5 36.Rb3 Rh8
37.Kf2 a5 38.Ne3 Rh2+ 39.Kg3 Nxe3 40.Rxe3 Rb2 41.f4 Rb4 42.Ra3 Kd7 43.Kg4 Ke7
44.Rh3 Rxa4 45.Rb3 Ra2 46.Rxb7+ Kf8 47.Rb6 Rf2 48.Rxc6 R5xf4+ 49.Kg3  1/2-1/2

[Event "4th Marcel Duchamp Premier"]
[Site "Buenos Aires ARG"]
[Date "2012.10.23"]
[Round "1"]
[White "Contin,D"]
[Black "Gaitan,Juan Manuel"]
[Result "1/2-1/2"]
[WhiteElo "2373"]
[BlackElo "2266"]

1.Nf3 d5 2.c4 c6 3.e3 Nf6 4.d4 e6 5.Bd3 Nbd7 6.O-O dxc4 7.Bxc4 b5 8.Bd3 a6
9.a4 Bb7 10.e4 Be7 11.Qe2 b4 12.Nbd2 c5 13.e5 Nd5 14.Nc4 cxd4 15.Rd1 Nc5
16.Nxd4 Nxd3 17.Rxd3 Rc8 18.b3 Rc5 19.Qg4 g6 20.Bd2 Qc7 21.Re1 Rxc4 22.bxc4 Qxc4
23.Qe2 O-O 24.Rc1 Qa2 25.Qd1 Nb6 26.Nc6 Bxc6 27.Rxc6 Qxa4 28.Qxa4 Nxa4 29.Rd7 Re8
30.Rxe7 Rxe7 31.Rc8+ Kg7 32.Bxb4 Nb6 33.Rb8 Rc7 34.f4 Nd7 35.Ra8 g5 36.fxg5 Nxe5
37.Bd6 Rc1+ 38.Kf2 Ng6 39.Rxa6 Rc2+  1/2-1/2

[Event "16th Unive Open"]
[Site "Hoogeveen NED"]
[Date "2012.10.23"]
[Round "5"]
[White "Valdes,Le"]
[Black "Ernst,S"]
[Result "1-0"]
[WhiteElo "2414"]
[BlackElo "2554"]

1.Nf3 d5 2.c4 e6 3.g3 Nf6 4.Bg2 Be7 5.O-O O-O 6.d4 dxc4 7.Qc2 b5 8.a4 b4
9.Nbd2 Bb7 10.Nxc4 Be4 11.Qd2 c5 12.b3 Nc6 13.Bb2 Bd5 14.Qd3 Rc8 15.dxc5 Nd7
16.Rfd1 Nxc5 17.Qe3 Qc7 18.Rdc1 Qb7 19.Ne1 Qa6 20.Bxd5 exd5 21.Ne5 d4 22.Qf4 Nxe5
23.Qxe5 Bf6 24.Qd5 Qe6 25.Rxc5 Qxe2 26.Rxc8 Rxc8 27.Rb1 h5 28.Qf3 Qe6 29.h4 Rc5
30.Nd3 Rf5 31.Nf4 Qd6 32.Qa8+ Kh7 33.Qe4 g6 34.Nd3  1-0

[Event "38th Guernsey Open"]
[Site "Guernsey GCI"]
[Date "2012.10.24"]
[Round "4"]
[White "Norman,K"]
[Black "Havenaar,J"]
[Result "1-0"]
[WhiteElo "2190"]
[BlackElo "2111"]

1.Nf3 d5 2.c4 c6 3.d4 e6 4.Nbd2 Nf6 5.Qc2 Qa5 6.g3 Ne4 7.Bg2 f5 8.O-O Bd6
9.a3 O-O 10.Ne5 Nd7 11.Nd3 Qd8 12.Nf3 Qf6 13.Bf4 Be7 14.Nfe5 g5 15.Nxd7 Bxd7
16.Be5 Qh6 17.c5 Rf7 18.f3 Nf6 19.Nf2 Raf8 20.e4 Bc8 21.exf5 exf5 22.Qd2 Nd7
23.Nd3 Nxe5 24.Nxe5 Rg7 25.Rfe1 Bf6 26.Re2 Re7 27.Rae1 Rfe8 28.h4 Qg7 29.hxg5 Bxg5
30.f4 Bf6 31.Kf2 Be6 32.Rh1 Bf7 33.Bf3 Bg6 34.Ree1 Qf8 35.b4 Rc7 36.Bd1 Qg7
37.Bc2 Rce7 38.Bd3 a6 39.Qc2 Qf8 40.Qc3 Qg7 41.a4 Ra8 42.Ra1 Ree8 43.Qc2 Qf8
44.Kg2 Bg7 45.g4 Bxe5 46.dxe5 fxg4 47.Bxg6 hxg6 48.Qxg6+ Qg7 49.Qxg7+ Kxg7
50.Kg3 a5 51.Rab1 Re7 52.b5 Rd8 53.bxc6 bxc6 54.Rb6 Re6 55.Rb7+ Kg8 56.Rbh7  1-0

[Event "4th Marcel Duchamp Open"]
[Site "Buenos Aires ARG"]
[Date "2012.10.25"]
[Round "4.1"]
[White "Ricardi,P"]
[Black "Ferro,E"]
[Result "1-0"]
[WhiteElo "2505"]
[BlackElo "2214"]

1.Nf3 d5 2.c4 d4 3.g3 Nc6 4.Bg2 e5 5.d3 Nf6 6.O-O Be7 7.b4 Nxb4 8.Nxe5 O-O
9.Na3 Re8 10.Nf3 Bc5 11.Bf4 c6 12.Nc2 Na6 13.Rb1 Bb6 14.Be5 Bg4 15.Bxd4 Bxf3
16.Bxb6 Bxe2 17.Bxd8 Bxd1 18.Rfxd1 Rexd8 19.Rxb7 Nc5 20.Rc7 Nxd3 21.Bxc6 Rab8
22.Rxa7 Rbc8 23.Bd5 Ne5 24.Ne3  1-0

[Event "4th Marcel Duchamp Open"]
[Site "Buenos Aires ARG"]
[Date "2012.10.25"]
[Round "4.8"]
[White "Garcia,Rai"]
[Black "Lopez Rebert,P"]
[Result "1/2-1/2"]
[WhiteElo "2325"]
[BlackElo "2045"]

1.Nf3 d5 2.c4 c6 3.e3 Qc7 4.Nc3 Nf6 5.d4 Bf5 6.Bd2 e6 7.Rc1 Nbd7 8.Be2 Be7
9.O-O O-O 10.Nh4 Be4 11.f3 Bg6 12.Nxg6 fxg6 13.Qb3 Qb6 14.f4 Qxb3 15.axb3 Bb4
16.Bf3 Nb6 17.Nb1 Bxd2 18.Nxd2 Rad8 19.g4 Nc8 20.Rf2 Kf7 21.Nf1 Ke7 22.Ng3 Ne8
23.h4 Nc7 24.Kf1 Nd6 25.Ke2 Nde8 26.h5 gxh5 27.Nxh5 Rf7 28.Rh2 Kf8 29.Ng3 Kg8
30.Nh1 g6 31.Nf2 Nf6 32.Nd3 Nd7 33.Rh3 Ne8 34.Rch1 Nd6 35.c5 Nc8 36.Nf2 Nf8
37.Kd2 Re8 38.g5 Nd7 39.Ng4 Kh8 40.Rh6 Rg7  1/2-1/2

[Event "38th Guernsey Open"]
[Site "Guernsey GCI"]
[Date "2012.10.25"]
[Round "5.1"]
[White "Hillarp Persson,T"]
[Black "Tischbierek,R"]
[Result "1/2-1/2"]
[WhiteElo "2556"]
[BlackElo "2468"]

1.Nf3 d5 2.c4 c6 3.e3 Nf6 4.Nc3 Bg4 5.cxd5 Bxf3 6.Qxf3 cxd5 7.g4 e6 8.g5 Nfd7
9.h4 Nc6 10.d4 Bb4 11.Bd3 e5 12.Qxd5 exd4 13.exd4 Nde5 14.Qxd8+ Rxd8 15.dxe5 Rxd3
16.Ke2 Rd7 17.Bf4 Bxc3 18.bxc3 Re7 19.Rh3 Nxe5 20.Re3 Ng6 21.Bg3 Rxe3+ 22.Kxe3 Kd7
23.Rd1+ Kc8 24.Rd5 Ne7 25.Rc5+ Nc6 26.Rf5 Re8+ 27.Kd3 Rd8+ 28.Kc4 Rd7 29.h5 g6
30.Rf6 Nd8 31.hxg6  1/2-1/2

[Event "38th Guernsey Open"]
[Site "Guernsey GCI"]
[Date "2012.10.25"]
[Round "5"]
[White "Minnican,A"]
[Black "Brooks,P"]
[Result "1/2-1/2"]
[WhiteElo "2120"]
[BlackElo "2230"]

1.Nf3 d5 2.c4 c6 3.e3 Nf6 4.Nc3 e6 5.Qc2 Nbd7 6.b3 Be7 7.Bb2 O-O 8.Be2 b6
9.cxd5 cxd5 10.d4 Bb7 11.O-O Rc8 12.Rac1 Qc7 13.Qb1 Qb8 14.Rc2 Rc7 15.Rfc1  1/2-1/2

[Event "39th ch-IND Premier w 2012"]
[Site "Jalgaon IND"]
[Date "2012.10.25"]
[Round "2.12"]
[White "Cholleti,S"]
[Black "Pujari,R"]
[Result "0-1"]
[WhiteElo "2026"]
[BlackElo "2204"]

1.Nf3 d5 2.c4 d4 3.b4 c5 4.Bb2 Nf6 5.d3 a5 6.bxc5 Nc6 7.a4 e5 8.g3 Nd7 9.e3 Nxc5
10.Nxe5 Nxe5 11.exd4 Bg4  0-1

[Event "Chigorin Mem Rapid"]
[Site "St Petersburg RUS"]
[Date "2012.10.25"]
[Round "2.11"]
[White "Pakhomov,E"]
[Black "Andriasian,Z"]
[Result "1-0"]
[WhiteElo "2458"]
[BlackElo "2604"]

1.Nf3 d5 2.c4 c6 3.e3 Nf6 4.Nc3 e6 5.b3 Nbd7 6.Bb2 Bd6 7.Qc2 O-O 8.Be2 Qe7
9.g4 Nxg4 10.Rg1 f5 11.cxd5 exd5 12.h3 Nge5 13.Nd4 f4 14.Nf5 Rxf5 15.Qxf5 Nc5
16.Qb1 d4 17.exd4 Nf3+ 18.Kd1 Nxg1 19.dxc5 Bxc5 20.Bc4+ Be6 21.Qe4 Bxc4 22.Qxc4+ Kh8
23.Ne4 b5 24.Qc3 Bb4 25.Qxc6 Rd8 26.Kc2 Nxh3 27.d3 f3 28.Rh1 Ng5 29.Qg6 Ba3
30.Kb1 Rd6 31.Qxg5 Qxg5 32.Nxg5 Bxb2 33.Nf7+  1-0